Medical terminology : a programmed text /

Bibliographic Details
Main Author: Smith, Genevieve Love
Other Authors: Davis, Phyllis E.
Format: Book
Language:English
Published: New York : Wiley, [1981]
Edition:4th ed.
Series:Wiley medical publication.
Subjects:

MARC

Tag First Indicator Second Indicator Subfields
LEADER 00000pam a2200000 a 4500
001 in00000072651
005 20151008054558.0
008 800604s1981 nyua dp 00110 engm
010 |a  80017970  
020 |a 0471058270 :  |c $11.95 (est.) 
035 |a (OCoLC)06447020 
035 |9 AAJ1069AM 
040 |a DLC  |c DLC  |d m.c.  |d TXA  |d UtOrBLW 
049 |a TXAM  |c [1387345] 
050 1 0 |a R123  |b .S6 1981 
060 0 |a W18 S648m 
100 1 |a Smith, Genevieve Love. 
245 1 0 |a Medical terminology :  |b a programmed text /  |c Genevieve Love Smith, Phyllis E. Davis. 
250 |a 4th ed. 
264 1 |a New York :  |b Wiley,  |c [1981] 
264 4 |c ©1981 
300 |a xvi, 325 pages :  |b illustrations ;  |c 26 cm. 
336 |a text  |b txt  |2 rdacontent 
337 |a unmediated  |b n  |2 rdamedia 
338 |a volume  |b nc  |2 rdacarrier 
490 1 |a Wiley medical publication 
500 |a Includes index. 
650 0 |a Medicine  |x Terminology  |v Programmed instruction. 
650 2 |a Names  |x Programmed texts. 
700 1 |a Davis, Phyllis E. 
830 0 |a Wiley medical publication. 
999 |a MARS 
999 f f |s 56b7a584-767b-3178-8a78-79c86239cd54  |i 011d7d3c-ae63-3fd9-8418-3122c5237423  |t 0 
952 f f |p ric  |a Texas A&M University  |b Rellis Campus  |c Joint Library Facility  |d Remote Storage  |t 0  |e R123 .S6 1981  |h Library of Congress classification  |i unmediated -- volume  |m A14806226627 
998 f f |a R123 .S6 1981  |t 0  |l Remote Storage